000 00448nab a2200145Ia 4500
003 ES-SlBCS
005 20210601150909.0
008 140529s1986 xxu||||| |||| 00| 0 spa d
041 _aspa
100 1 _aAguilar, R.
_9326921
245 0 0 _aActuación de Dios y del alma en los estados místicos
_c R. Aguilar
650 0 4 _aEstados Místicos
_9301949
773 0 _tVida Sobrenatural, la
_gvol. 66, nº. 524, 1986, págs. 109-114
_wRev495
942 _cAR
999 _c748538
_d748538